000 00987nam a22003017a 4500
001 1942
003 CO-MdFUSB
005 20180622072725.0
008 170530t1895 xxu||||| |||| 00| 0 eng d
040 _aCO-MdFUSB
_bspa
_cCO-MdFUSB
_dCO-MdFUSBC
_erda
041 0 _aeng
082 0 4 _aG 220.95 W576c
100 1 _aJosefo, Flavio (Flavius Josephus) (37-95)
_eautor
245 4 _aThe complete works of Flavius Josephus
_c / Flavius Josephus ; William Whiston, Traductor
264 4 _aPhiladelphia, USA :
_bJ.E. Potter,
_c©1895
300 _a789 Pag
336 _2rdacontent
_a1
_ba1
337 _2rdamedia
_a2
_b5
338 _2rdacarrier
_a2
_b5
650 7 _aHistoriadores
_985
_zJudios
650 7 _aJudíos
_9270
_xHistoria
650 7 _aJudíos
_9270
_xHistoria
653 _aJosefo, Flavio
653 _aBiblia A.T. - Historia sagrada - Primeras obras hasta 1800
653 _aJudíos - Historia - Hasta 70 D.C.
653 _aJudíos - Historia - Rebelión, 66-73
942 _cBK
999 _c33052
_d33052